000 00911cam a2200337 4500500
005 20260405004103.0
041 _afre
042 _adc
100 1 0 _aZask, Joëlle
_eauthor
245 0 0 _aJoëlle Zask face au temps des mégafeux
260 _c2022.
500 _a75
690 _aAnthropocène
690 _aArbre
690 _aAustralie
690 _aBible
690 _aBois
690 _aClimat
690 _aDésolation
690 _aFeu
690 _aforêt
690 _aGuerre
690 _aIncendie
690 _aJoëlle Zask
690 _aMenace
690 _aNature
690 _apaysage
690 _aResponsabilité
786 0 _nPhilosophie magazine - Hors séries | Hors-série - Pritemps-été 2022 | HS53 | 2022-04-01 | p. 32-32 | 2104-9246
856 4 1 _uhttps://shs.cairn.info/magazine-philosophie-magazine-2022-3-6-page-32?lang=fr&redirect-ssocas=7080
999 _c2073593
_d2073593